000 00265nam a2200097Ia 4500
001 1206956
005 20251013115458.0
008 250824s9999 xx 000 0 und d
245 0 _aFAZLI NECİB DEHŞETLER İÇİNDE
_cBEDİA KOÇAKOĞLU
260 _bPALET YAYINLARI
999 _c1206956
_d1206956